000 00494nam a2200205Ia 4500
003 OSt
005 20240305040600.0
008 210331s9999||||xx |||||||||||||| ||und||
040 _cSTCPL
041 _aENG
082 _a821
_bEDM-E
100 _aSpenser, Edmund
245 0 _aEpithalamion /
_cby Edmund Spenser
260 _aLondon :
_bJohn lane the bodley head Ltd. ,
_c1928.
300 _a58 p.
_bHB
650 _aEnglish literature
650 _aPoem
942 _cBK
942 _2ddc
999 _c2584
_d2584